| 000 | 00841nam a2200253Ia 4500 | ||
|---|---|---|---|
| 003 | OSt | ||
| 005 | 20221005112948.0 | ||
| 006 | a|||||r|||| 00| 0 | ||
| 007 | ta | ||
| 008 | 221004b |||||||| |||| 00| 0 pan d | ||
| 020 |
_a81759906305 (hbk) _c125 |
||
| 024 | _a93846 | ||
| 037 |
_b72874, 31/12/2008, Arsee Publishers _cTextual |
||
| 040 |
_aCRL _cCRL _bpan |
||
| 041 |
_2pan _apan |
||
| 082 | _aO153,1N20x, N5 | ||
| 100 | _aਧੀਰ, ਸੰਤੋਖ ਸਿੰਘ | ||
| 245 | 0 | _aਲਿਖ ਰਿਹਾ ਧੀਰ | |
| 260 |
_aਦਿੱਲੀ _bਨਵਯੁਗ ਭਾਰਤ _c1999 |
||
| 300 |
_a160ਪੰ _ccm. |
||
| 650 | _aਪੰਜਾਬੀ ਸਾਹਿਤ | ||
| 942 |
_hO153,1N20x, N5 _cTEXL _2cc |
||
| 999 |
_c1026586 _d1026586 |
||